| 000 | 00384nam a2200145Ia 4500 | ||
|---|---|---|---|
| 008 | 150201s2001 xx 000 0 und d | ||
| 082 |
_a617.695 _bS2001A |
||
| 100 | _aKENNETH J.ANUSAVICE | ||
| 245 | _aSCIENCE OF DENTAL MATERIALS | ||
| 250 | _a10TH | ||
| 260 |
_bHARCOURT INDIA PRIVATE LIMITED _aPHILADELPHIA _c2001 |
||
| 300 | _a1-709 | ||
| 650 | _aDENTAL MATERIAL | ||
| 942 |
_2ddc _cBK |
||
| 999 |
_c2559 _d2559 |
||